00458nam a2200157Ia 450000100060000000800410000602000180004704000130006508200200007810000170009824501040011526000360021930000110025554600070026665000270027350973140502s9999 xx 000 0 und d a9780385531351 cPK-LaUMT a 956.013bHOL-S aHolland, Tom aIn the shadow of the swordbthe birth of Islam and the rise of the global Arab empirecHolland, Tom aNew York,USA:bDoubleday,c2012 a526 p. aEN aIslamic empire-History